Click the Country - River - Statistics

General Stats
  • This quiz has been taken 288 times
  • The average score is 16 of 25
Answer Stats
Hint Answer % Correct
Amazon Brazil
90%
Nile Egypt
90%
Niger Nigeria
89%
Tiber Italy
73%
Potomac USA
73%
Shannon Ireland
72%
St. Lawrence Canada
71%
Mekong Vietnam
71%
Murray Australia
70%
Shinano Japan
70%
Elbe Germany
67%
Ob Russia
67%
Orange Namibia & South Africa
66%
Rhone France
65%
Danube Romania & Ukraine
65%
Zambezi Mozambique
64%
Vistula Poland
57%
Godavari India
56%
Clyde UK
56%
Pearl China
55%
Indus Pakistan
55%
Ebro Spain
51%
Douro Portugal
50%
Brahamputra Bangladesh
42%
Colorado Mexico
37%
No matching quizzes found
Score Distribution
Percent of People with Each Score
Percentile by Number Answered
Your Score History
You have not taken this quiz